[Event "11th European Senior"]
[Site "Courmayeur ITA"]
[Date "2011.04.07"]
[Round "2.15"]
[White "Muratoglu, Salih"]
[Black "Strutinskaya, Galina N"]
[Result "0-1"]
[BlackTitle "WIM"]
[WhiteElo "2076"]
[BlackElo "2269"]
[WhiteFideId "6300570"]
[BlackFideId "4108558"]
[EventDate "2011.04.06"]

1. d4 Nf6 2. c4 e6 3. Nf3 c5 4. e3 a6 5. a3 b6 6. Nc3 d5 7. dxc5 bxc5 8. Be2 Nc6
9. O-O Bb7 10. Qc2 Qc7 11. Rd1 Rd8 12. Qa4 Be7 13. Rb1 O-O 14. b4 d4 15. Na2 Ne5
16. Nxe5 Qxe5 17. bxc5 Bxg2 18. Kxg2 Qe4+ 19. Kg1 Qxb1 20. Nb4 Qg6+ 21. Kf1 Bxc5
22. Nxa6 Bd6 23. Qc6 Bxh2 24. Qg2 d3 25. Bf3 Be5 26. Nb4 Bc3 27. Qxg6 fxg6 28.
Rxd3 Rxd3 29. Nxd3 g5 30. Ke2 h5 31. c5 e5 32. e4 g4 33. Bh1 h4 34. f3 h3 35.
Nf2 Nh5 36. Kd3 Bd4 37. Be3 Ng3 38. Bxd4 Nxh1 39. Nxg4 exd4 40. Kxd4 Rxf3 41. c6
Rxa3 42. c7 Ra8 43. Kd5 Ng3 44. e5 Kf7 45. Kd6 Ke8 46. Nh2 Ra6+ 0-1

[Event "11th European Senior"]
[Site "Courmayeur ITA"]
[Date "2011.04.07"]
[Round "2.17"]
[White "Belokopyt, Boris"]
[Black "Peretz, Malkiel"]
[Result "0-1"]
[BlackTitle "FM"]
[WhiteElo "2066"]
[BlackElo "2255"]
[WhiteFideId "4152530"]
[BlackFideId "2800446"]
[EventDate "2011.04.06"]

1. e4 c5 2. Nf3 Nc6 3. g3 g6 4. Bg2 Bg7 5. O-O Nf6 6. Re1 O-O 7. c3 d6 8. h3 Nh5
9. Na3 e5 10. Nc4 Be6 11. Ne3 Nf6 12. Nc2 d5 13. Ng5 Bc8 14. exd5 Nxd5 15. Ne4
b6 16. Ne3 Nxe3 17. dxe3 Qe7 18. Qd6 Bb7 19. Qxe7 Nxe7 20. Nd6 Bxg2 21. Kxg2
Rad8 22. Nb5 a6 23. Na3 e4 24. c4 Nc6 25. Rb1 Nb4 26. Rf1 Nxa2 27. Nc2 Nxc1 28.
Rfxc1 Rd2 29. b4 a5 30. bxc5 bxc5 31. Rb5 a4 32. Rxc5 Bb2 0-1

[Event "11th European Senior"]
[Site "Courmayeur ITA"]
[Date "2011.04.07"]
[Round "2.18"]
[White "Rosino, Antonio"]
[Black "Vrhovnik, Damir"]
[Result "1/2-1/2"]
[WhiteTitle "FM"]
[WhiteElo "2233"]
[BlackElo "2063"]
[WhiteFideId "800376"]
[BlackFideId "14526956"]
[EventDate "2011.04.06"]

1. e4 c5 2. c3 d6 3. d4 Nf6 4. f3 cxd4 5. cxd4 g6 6. Be3 Bg7 7. Nc3 O-O 8. Qd2
Nbd7 9. Bc4 a6 10. a4 Qa5 11. Ra3 Nb6 12. Ba2 Nbd7 13. Nge2 Re8 14. O-O Rb8 15.
Rd1 e6 16. Nb1 Qd8 17. Bg5 Qe7 18. Rd3 Qf8 19. Qc2 h6 20. Bh4 g5 21. Bf2 b5 22.
axb5 axb5 23. Na3 b4 24. Nb1 Ba6 25. Re3 Rbc8 26. Qd2 Nb6 27. Rc1 d5 28. Bg3
Rxc1+ 29. Nxc1 Rc8 30. e5 Nh5 31. Nd3 Bxd3 32. Rxd3 Nxg3 33. hxg3 Qe7 34. Kh2
Bf8 35. Qd1 Ra8 36. Bb3 Ra1 37. Qc2 h5 38. g4 h4 39. Rd1 f6 40. Qg6+ Qg7 41.
Qxf6 Qxf6 42. exf6 Bd6+ 43. Kg1 Bf4 44. Kf2 Nc4 45. Nc3 Be3+ 46. Ke2 Rxd1 47.
Nxd1 Bxd4 48. Kd3 Bxb2 49. Bxc4 dxc4+ 50. Kxc4 Bxf6 51. Kxb4 Be5 52. Kc5 Kf7 53.
Nf2 Bf4 54. Nd3 Bh2 55. Kc6 Ke7 56. Nc5 Bg1 57. Ne4 Bd4 58. Nd6 Bf6 59. Nc8+ Kd8
60. Nb6 Ke7 1/2-1/2

[Event "11th European Senior"]
[Site "Courmayeur ITA"]
[Date "2011.04.07"]
[Round "2.19"]
[White "Gardi, Giuseppe"]
[Black "Serra Olives, Tomas"]
[Result "0-1"]
[BlackTitle "FM"]
[WhiteElo "2061"]
[BlackElo "2208"]
[WhiteFideId "811211"]
[BlackFideId "2203774"]
[EventDate "2011.04.06"]

1. d4 Nf6 2. Nf3 d5 3. e3 c5 4. c3 Nc6 5. Bd3 Bg4 6. h3 Bh5 7. g4 c4 8. gxh5
cxd3 9. Qxd3 Nxh5 10. e4 dxe4 11. Qxe4 Nf6 12. Qe2 e6 13. Bg5 Be7 14. Nbd2 Qd5
15. Bxf6 Bxf6 16. Qe4 Ne7 17. Rg1 g6 18. Qxd5 Nxd5 19. Ne4 Be7 20. Kd2 Rc8 21.
Ne5 f6 22. Nd3 Kf7 23. h4 Rhe8 24. f4 Bf8 25. Ke2 h5 26. Rg2 Be7 27. Kf3 Rc6 28.
Rag1 Rg8 29. Ng3 Bd6 30. Nxh5 Rh8 31. Ng3 Rxh4 32. Ne4 Bxf4 33. Nef2 g5 34. Rh1
Rxh1 35. Nxh1 Rc8 36. Nhf2 Rh8 37. Rg1 Bd6 38. c4 Nf4 39. Nxf4 Bxf4 40. b4 f5
41. b5 Kf6 42. a4 Bc7 43. Rh1 g4+ 44. Kg2 Rxh1 45. Kxh1 e5 46. d5 Bb6 47. Nd3 e4
48. Nf4 Ke5 49. Ne6 e3 0-1

[Event "11th European Senior"]
[Site "Courmayeur ITA"]
[Date "2011.04.07"]
[Round "2.20"]
[White "Khmiadashvili, Tamar"]
[Black "Capece, Adolivio"]
[Result "1-0"]
[WhiteTitle "WGM"]
[WhiteElo "2194"]
[BlackElo "2049"]
[WhiteFideId "13600346"]
[BlackFideId "807664"]
[EventDate "2011.04.06"]

1. c4 c5 2. Nc3 Nc6 3. g3 g6 4. Bg2 Bg7 5. d3 d6 6. e4 Nf6 7. Nge2 Bg4 8. h3 Bd7
9. O-O Qc8 10. Kh2 h5 11. Nd5 h4 12. Nxf6+ Bxf6 13. g4 Qc7 14. f4 O-O-O 15. Nc3
e6 16. Rh1 Rdg8 17. g5 Be7 18. Be3 f6 19. gxf6 Bxf6 20. Nb5 Qb8 21. e5 Be7 22.
d4 cxd4 23. Bxd4 Nxd4 24. Qxd4 Bxb5 25. cxb5 d5 26. b6 axb6 27. Qxb6 Kd7 28.
Qb5+ Kd8 29. Rac1 g5 30. Rhd1 1-0

[Event "11th European Senior"]
[Site "Courmayeur ITA"]
[Date "2011.04.07"]
[Round "2.21"]
[White "Kierzek, Mira"]
[Black "Estrada Martinez, Cesar"]
[Result "1/2-1/2"]
[WhiteTitle "WFM"]
[WhiteElo "2044"]
[BlackElo "2193"]
[WhiteFideId "15002110"]
[BlackFideId "2210649"]
[EventDate "2011.04.06"]

1. Nf3 c5 2. e4 g6 3. d4 cxd4 4. Nxd4 Nf6 5. Nc3 Nc6 6. Be3 Bg7 7. Be2 O-O 8.
Qd2 d5 9. exd5 Nxd5 10. Nxc6 bxc6 11. Rd1 Be6 12. Bd4 Bxd4 13. Qxd4 Qb6 14. Nxd5
Bxd5 15. O-O Qxd4 16. Rxd4 e5 17. Rd2 Rab8 18. b3 a5 19. c3 Be6 20. Bf3 c5 21.
h3 c4 22. bxc4 Bxc4 23. Re1 Rfe8 24. Bd5 Rbc8 25. Bxc4 Rxc4 26. Rd5 a4 27. Ra5
e4 28. Rb1 e3 29. fxe3 Rxe3 30. Rb4 Rcxc3 31. Raxa4 Re2 32. Re4 Rxe4 33. Rxe4
Ra3 34. Re2 f5 35. Kf1 f4 36. Rf2 g5 37. Rb2 Kg7 38. h4 h6 39. h5 Kf6 40. Rb6+
Kf5 41. Rxh6 Rxa2 42. Rh8 Ra1+ 43. Kf2 Rh1 44. h6 Kg6 45. Rg8+ Kf5 46. Rh8 Rh5
47. Kf3 Kg6 48. g3 1/2-1/2

[Event "11th European Senior"]
[Site "Courmayeur ITA"]
[Date "2011.04.07"]
[Round "2.24"]
[White "Cebalo, Miso"]
[Black "Frank, Albert"]
[Result "1-0"]
[WhiteTitle "GM"]
[WhiteElo "2486"]
[BlackElo "1909"]
[WhiteFideId "14500094"]
[BlackFideId "200948"]
[EventDate "2011.04.06"]

1. c4 b6 2. d4 e6 3. a3 Bb7 4. Nc3 g6 5. e4 d6 6. Nf3 Nd7 7. Be3 Bg7 8. Bd3 Ne7
9. Qd2 h6 10. Bc2 Ba6 11. Bd3 Bb7 12. O-O Nf6 13. h3 g5 14. Nh2 e5 15. dxe5 dxe5
16. c5 bxc5 17. Qc2 g4 18. hxg4 Qc8 19. f3 Nd7 20. Na4 Nc6 21. Nxc5 Nd4 22. Bxd4
exd4 23. Rac1 Ne5 24. f4 Nxd3 25. Qxd3 Rb8 26. Rf2 h5 27. g5 h4 28. Nxb7 Rxb7
29. e5 h3 30. g3 Qd7 31. Rc4 1-0

[Event "11th European Senior"]
[Site "Courmayeur ITA"]
[Date "2011.04.07"]
[Round "2.25"]
[White "Gruzmann, Boris"]
[Black "Carboni, Giancarlo"]
[Result "1-0"]
[WhiteTitle "FM"]
[WhiteElo "2281"]
[BlackElo "1827"]
[WhiteFideId "4105290"]
[BlackFideId "843903"]
[EventDate "2011.04.06"]

1. e4 c5 2. Nf3 d6 3. d4 cxd4 4. Nxd4 Nf6 5. Nc3 g6 6. Be3 Bg7 7. f3 O-O 8. Qd2
Nc6 9. Bc4 Bd7 10. h4 Rb8 11. O-O-O Ne5 12. Be2 a6 13. h5 b5 14. Bh6 Nc4 15.
Bxc4 bxc4 16. Bxg7 Kxg7 17. hxg6 fxg6 18. Qh6+ Kg8 19. e5 Qb6 20. exf6 Qxb2+ 21.
Kd2 Rf7 22. Rb1 Qxb1 23. Rxb1 1-0

[Event "11th European Senior"]
[Site "Courmayeur ITA"]
[Date "2011.04.07"]
[Round "2.26"]
[White "Iudicello, Giovanni"]
[Black "Levinsky, Gregory"]
[Result "1-0"]
[WhiteElo "2180"]
[BlackElo "2026"]
[WhiteFideId "804738"]
[BlackFideId "2805561"]
[EventDate "2011.04.06"]

1. e4 e5 2. Nf3 Nc6 3. Bb5 f5 4. Nc3 fxe4 5. Nxe4 d5 6. Nxe5 dxe4 7. Nxc6 Qg5 8.
Qe2 Nf6 9. f4 Qxf4 10. Ne5+ c6 11. d4 Qh4+ 12. g3 Qh3 13. Bc4 Be6 14. Bf4 Bd6
15. Bxe6 Qxe6 16. Nc4 Be7 17. c3 O-O-O 18. O-O-O Rhe8 19. Kb1 1-0

[Event "11th European Senior"]
[Site "Courmayeur ITA"]
[Date "2011.04.07"]
[Round "2.27"]
[White "Gonzalo Gonzalez, Francisco"]
[Black "Zhelesny, Stanislav"]
[Result "0-1"]
[BlackTitle "FM"]
[WhiteElo "1740"]
[BlackElo "2172"]
[WhiteFideId "2252171"]
[BlackFideId "4115244"]
[EventDate "2011.04.06"]

1. e4 c6 2. Nf3 d5 3. exd5 cxd5 4. Bb5+ Bd7 5. Qe2 Nf6 6. Ne5 e6 7. Nxd7 Nbxd7
8. f4 Be7 9. O-O O-O 10. d4 Ne4 11. Nd2 Ndf6 12. Nf3 Qb6 13. c3 Rac8 14. a4 Nd6
15. Bd3 Nfe4 16. Ne5 Qc7 17. Rf3 f6 18. Ng4 a5 19. Nf2 f5 20. Rh3 g6 21. Bb1 Bf6
22. Nd3 Qg7 23. Ne5 Nf7 24. Nd7 Bxd4+ 25. Be3 Bxe3+ 26. Qxe3 Rfd8 27. Ne5 Nxe5
28. fxe5 Qxe5 29. Qh6 Qg7 30. Qf4 Rc4 31. Bd3 Rcc8 32. Re1 e5 33. Qf1 Rf8 34.
Bc2 Rcd8 35. Rd1 0-1

[Event "11th European Senior"]
[Site "Courmayeur ITA"]
[Date "2011.04.07"]
[Round "2.28"]
[White "Benito Alba, Eladio"]
[Black "Bondick, Karl-Heinz"]
[Result "0-1"]
[WhiteElo "1775"]
[BlackElo "2155"]
[WhiteFideId "2225050"]
[BlackFideId "4692071"]
[EventDate "2011.04.06"]

1. d4 d5 2. c4 dxc4 3. Nf3 Nf6 4. e3 Be6 5. Qa4+ c6 6. Bxc4 b5 7. Bxb5 cxb5 8.
Qxb5+ Bd7 9. Qe2 e6 10. Nc3 Be7 11. O-O O-O 12. Bd2 a5 13. Ne5 Nc6 14. Nxd7 Qxd7
15. Rfc1 Rfc8 0-1

[Event "11th European Senior"]
[Site "Courmayeur ITA"]
[Date "2011.04.07"]
[Round "2.29"]
[White "Weisenburger, Horst"]
[Black "Weyand, Fernand"]
[Result "1-0"]
[WhiteElo "2179"]
[BlackElo "1845"]
[WhiteFideId "4654536"]
[BlackFideId "638633"]
[EventDate "2011.04.06"]

1. f4 d5 2. Nf3 Nf6 3. g3 c6 4. Bg2 Bf5 5. d3 Qb6 6. e3 Bg4 7. h3 Bxf3 8. Qxf3
Nbd7 9. g4 e5 10. g5 Ng8 11. O-O Bd6 12. a4 Ne7 13. a5 Qc7 14. e4 exf4 15. exd5
Nxd5 16. c4 Bc5+ 17. Kh1 Ne3 18. Qxf4 Qxf4 19. Rxf4 O-O 20. Nc3 Nxg2 21. Kxg2
Rfe8 22. d4 Bb4 23. Bd2 Re7 24. Re4 Rae8 25. Rxe7 Rxe7 26. Kf3 c5 27. Nd5 Re6
28. Nxb4 cxb4 29. Bxb4 f6 30. h4 f5 31. Re1 Kf7 32. Rxe6 Kxe6 33. d5+ Kf7 34. c5
Ke8 35. c6 1-0

[Event "11th European Senior"]
[Site "Courmayeur ITA"]
[Date "2011.04.07"]
[Round "2.30"]
[White "Elfert, Aleksandr V."]
[Black "Chireykina, Natalia"]
[Result "0-1"]
[WhiteTitle "IM"]
[WhiteElo "2039"]
[BlackElo "1831"]
[WhiteFideId "4121325"]
[BlackFideId "24132136"]
[EventDate "2011.04.06"]

1. d4 Nf6 2. Bg5 d6 3. Nc3 c6 4. Nf3 h6 5. Bxf6 gxf6 6. e4 Bg4 7. Be2 Qa5 8. d5
Nd7 9. a3 Rg8 10. b4 Qc7 11. Qd2 Bg7 12. dxc6 bxc6 13. Rd1 f5 14. exf5 Bxf5 15.
Nh4 Be6 16. Ne4 Nf6 17. Ng3 Nd5 18. Ne4 f5 19. Nxf5 Bxf5 20. Bh5+ Kd7 21. Nc5+
dxc5 22. O-O Kc8 23. Bf7 Bc3 24. Qc1 Nf4 25. Qe3 Rxg2+ 26. Kh1 Nd5 27. Qxh6 Bg7
28. Qh5 Bg4 29. Rxd5 Bxh5 30. Rxh5 Rxh2+ 31. Rxh2 Kb7 32. bxc5 Rh8 33. Rxh8 Bxh8
34. Rb1+ Ka8 35. Be8 Bd4 36. Kg2 Bxc5 37. a4 Qc8 38. Bh5 Qg8+ 39. Kf1 Qf8 40. f3
Qf5 0-1

[Event "11th European Senior"]
[Site "Courmayeur ITA"]
[Date "2011.04.07"]
[Round "2.33"]
[White "Pipitone, Antonio"]
[Black "Acunzo, Domenico"]
[Result "1-0"]
[WhiteElo "2012"]
[BlackElo "1769"]
[WhiteFideId "804541"]
[BlackFideId "825751"]
[EventDate "2011.04.06"]

1. e4 e6 2. d4 d5 3. Nc3 Bb4 4. e5 c5 5. a3 Bxc3+ 6. bxc3 Ne7 7. f4 cxd4 8. cxd4
Qa5+ 9. Bd2 Qa4 10. Nf3 Nbc6 11. Bc3 O-O 12. Bd3 f6 13. O-O fxe5 14. fxe5 Nf5
15. Qd2 Bd7 16. Rfb1 Ncxd4 17. Nxd4 Nxd4 18. Rb4 Nf3+ 19. gxf3 Qc6 20. Bb5 Qc7
21. Bxd7 Qxd7 22. Qg2 Rf5 23. Rab1 b6 24. Rg4 Rc8 25. Bd4 Qf7 26. Rf1 h6 27. c3
Kh7 28. Qd2 Kh8 29. Qe3 Rc4 30. f4 Qf8 31. Ra1 Rh5 32. Qd3 Rf5 33. Qg3 Qf7 34.
a4 Qd7 35. a5 b5 36. Qe3 a6 37. Kh1 b4 38. cxb4 Rxb4 39. Rag1 Rf7 40. Rg6 Qb7
41. Rxe6 Rb3 42. Re8+ Kh7 43. Qd2 Rb2 44. Qd3+ 1-0

[Event "11th European Senior"]
[Site "Courmayeur ITA"]
[Date "2011.04.07"]
[Round "2.34"]
[White "Bardin, Christian"]
[Black "Gousseinov, Aguif"]
[Result "0-1"]
[WhiteElo "1765"]
[BlackElo "1979"]
[WhiteFideId "638749"]
[BlackFideId "612480"]
[EventDate "2011.04.06"]

1. e4 e5 2. f4 exf4 3. Bc4 d6 4. Nc3 Nc6 5. d4 Qh4+ 6. Kf1 Bg4 7. Nf3 Bxf3 8.
gxf3 Nf6 9. d5 Ne5 10. Be2 a6 11. Qe1 Qh3+ 12. Kf2 Nh5 13. Qg1 Be7 14. Qg2 Qh4+
15. Kf1 g5 16. Bd2 Nf6 17. Be1 Qh6 18. h3 O-O-O 19. Nd1 Qh5 20. Nf2 Qg6 21. Bc3
h5 22. Nd3 Nc4 23. Bd4 Ne3+ 24. Bxe3 fxe3 25. Qg1 Nxe4 26. fxe4 Qxe4 27. Qg2 Qd4
28. c3 Qb6 29. Qe4 Rde8 30. Qb4 Qxb4 31. Nxb4 f5 32. Bf3 g4 33. hxg4 hxg4 34.
Rxh8 Rxh8 35. Bg2 f4 36. Re1 Bg5 37. Nc2 Re8 38. Bh1 f3 39. Nd4 Bh4 40. Nxf3
gxf3 41. Bxf3 Bxe1 42. Kxe1 Re5 43. Ke2 Kd8 44. c4 Ke7 45. b3 Kf6 46. Bg4 b6 47.
Bc8 a5 48. Bg4 Kg5 49. Bd7 Kf4 50. Be6 Rh5 51. Bf7 Rh2+ 0-1

[Event "11th European Senior"]
[Site "Courmayeur ITA"]
[Date "2011.04.07"]
[Round "2.35"]
[White "Kayaman, Metin"]
[Black "Maestri, Roberto"]
[Result "1-0"]
[WhiteElo "1973"]
[BlackElo "1766"]
[WhiteFideId "6301185"]
[BlackFideId "871354"]
[EventDate "2011.04.06"]

1. d4 Nf6 2. c4 e5 3. d5 Bc5 4. Nf3 d6 5. Nc3 O-O 6. g3 c6 7. Bg2 a6 8. a4 Bf5
9. O-O Re8 10. Nh4 Bd7 11. Bg5 h6 12. Bxf6 Qxf6 13. Ne4 Qd8 14. Rb1 Ba7 15. Nxd6
Rf8 16. Nxb7 Qc7 17. Qb3 Bc8 18. dxc6 Nxc6 19. Bxc6 Bxb7 20. Qxb7 1-0

[Event "11th European Senior"]
[Site "Courmayeur ITA"]
[Date "2011.04.07"]
[Round "2.36"]
[White "De Polzer, Manfredi"]
[Black "Giani, Franco"]
[Result "0-1"]
[WhiteElo "1697"]
[BlackElo "1960"]
[WhiteFideId "835277"]
[BlackFideId "811238"]
[EventDate "2011.04.06"]

1. d4 c5 2. d5 d6 3. c4 Nf6 4. Nc3 e5 5. e4 Be7 6. Bd3 O-O 7. Nge2 h6 8. O-O Nh7
9. f4 exf4 10. Nxf4 Bf6 11. Rb1 Nd7 12. Nce2 Ne5 13. b3 Bg4 14. Bc2 Bg5 15. Qe1
Qe7 16. Ng3 Bh4 17. Qc3 g6 18. Bb2 Bf6 19. Qe1 Rae8 20. Bc1 Bg7 21. Be3 Ng5 22.
Qc1 Bd7 23. Qd2 Ng4 24. Kh1 Nxe3 25. Qxe3 Bd4 26. Qd2 Kg7 27. Rbe1 Be5 28. Nd3
Bxg3 29. hxg3 Nxe4 30. Qf4 f5 31. Kh2 Qg5 32. Bd1 Qf6 33. Bf3 b5 34. Bxe4 fxe4
35. Qxf6+ Rxf6 36. Nf4 b4 37. Re3 Kh7 38. Rfe1 Bf5 39. Nh3 g5 40. Nf2 Kg7 41. g4
Bg6 42. Kg1 Rf7 43. Ra1 a5 44. a3 Kf6 45. axb4 axb4 46. Kf1 Ke5 47. Ke2 Ref8 48.
Rf1 h5 49. Nd3+ Kd4 50. Rxf7 exd3+ 51. Kd2 Rxf7 52. Re6 Rf2+ 53. Kd1 Be4 0-1

[Event "11th European Senior"]
[Site "Courmayeur ITA"]
[Date "2011.04.07"]
[Round "2.38"]
[White "Gulinelli, Evro"]
[Black "Bisignano, Giuseppe"]
[Result "0-1"]
[WhiteElo "1658"]
[BlackElo "1938"]
[WhiteFideId "802069"]
[BlackFideId "812358"]
[EventDate "2011.04.06"]

1. e4 e5 2. Nf3 Nc6 3. Bb5 a6 4. Bxc6 dxc6 5. h3 Bc5 6. O-O Qe7 7. Nc3 Nf6 8. d3
Bd7 9. Bg5 h6 10. Bh4 O-O-O 11. Bg3 Bd4 12. Ne2 Be6 13. c3 Bb6 14. Qc2 Nd7 15.
Bxe5 Nxe5 16. Nxe5 Bxh3 17. Nxf7 Bxg2 18. Kxg2 Qxf7 19. d4 Rd6 20. Ng3 h5 21.
Rh1 Rg6 22. Rh4 Rf8 23. Qe2 Rf6 24. Rf1 g6 25. f4 Qxa2 26. e5 Re6 27. Kh3 c5 28.
f5 gxf5 29. Rxf5 Rfe8 30. Rfxh5 cxd4 31. cxd4 Bxd4 32. Rxd4 Rg6 33. Qf2 Reg8 34.
Qf5+ Kb8 35. Rd8+ Ka7 36. Qf2+ b6 37. Rxg8 Qxg8 38. Qf4 Qe8 39. Qf5 Qg8 40. Qf4
Qe8 41. Ne4 Qd7+ 42. Qf5 Qd3+ 43. Kh4 Rg1 44. Rh7 Qd8+ 45. Nf6 Qd4+ 46. Kh5 Qd1+
47. Ng4 Qd8 48. Qf7 Rh1+ 49. Kg6 Qd3+ 0-1

[Event "11th European Senior"]
[Site "Courmayeur ITA"]
[Date "2011.04.07"]
[Round "2.39"]
[White "Ivanov, Michail"]
[Black "Hlinschi, Mihai"]
[Result "1/2-1/2"]
[WhiteElo "1935"]
[BlackElo "1702"]
[WhiteFideId "4145224"]
[BlackFideId "1206800"]
[EventDate "2011.04.06"]

1. e4 e5 2. Nf3 Nc6 3. Bc4 Be7 4. d3 h6 5. Nc3 Nf6 6. O-O d6 7. h3 O-O 8. Nd2
Na5 9. Nb3 Nxb3 10. axb3 c5 11. Ne2 b6 12. f4 Bb7 13. fxe5 dxe5 1/2-1/2

[Event "11th European Senior"]
[Site "Courmayeur ITA"]
[Date "2011.04.07"]
[Round "2.40"]
[White "Centofante, Maria Rosa"]
[Black "Sevenyuk, Alexey"]
[Result "1/2-1/2"]
[WhiteElo "1619"]
[BlackElo "1932"]
[WhiteFideId "834807"]
[BlackFideId "13504606"]
[EventDate "2011.04.06"]

1. d4 f5 2. Nf3 Nf6 3. c4 e6 4. Bg5 Be7 5. Nc3 c6 6. e3 a5 7. a3 O-O 8. Bd3 d6
9. O-O Nbd7 10. Qc2 d5 11. c5 b5 12. cxb6 Nxb6 13. Ne5 Qe8 14. h3 Ba6 15. Bxa6
Rxa6 16. Ne2 Nc8 17. Nf4 Bd6 18. Nfd3 Bxe5 19. Nxe5 Ne4 20. Bf4 g5 21. Bh2 Ne7
22. f3 Nf6 23. g4 Nd7 24. Nd3 Rf6 25. Rac1 Ng6 26. Qe2 Qc8 27. f4 h6 28. gxf5
exf5 29. fxg5 hxg5 30. Qh5 Kf7 31. Qxg5 Ndf8 32. Qh5 Qe8 33. Nf4 1/2-1/2

[Event "11th European Senior"]
[Site "Courmayeur ITA"]
[Date "2011.04.07"]
[Round "2.41"]
[White "Norman, Dinah M"]
[Black "Deiana, Giacomo"]
[Result "1/2-1/2"]
[WhiteTitle "WCM"]
[WhiteElo "1924"]
[BlackElo "1689"]
[WhiteFideId "402621"]
[BlackFideId "843750"]
[EventDate "2011.04.06"]

1. d4 Nf6 2. Nf3 g6 3. Bf4 Bg7 4. e3 O-O 5. Nbd2 c5 6. c3 cxd4 7. exd4 d5 8. h3
Nc6 9. Be2 Qb6 10. Qb3 Qxb3 11. axb3 Bf5 12. Ne5 Nd7 13. Ndf3 Ndxe5 1/2-1/2

[Event "11th European Senior"]
[Site "Courmayeur ITA"]
[Date "2011.04.07"]
[Round "2.42"]
[White "Catalfamo, Santo"]
[Black "Castiglioni, Nando"]
[Result "1-0"]
[WhiteElo "1918"]
[BlackElo "1651"]
[WhiteFideId "866547"]
[BlackFideId "860174"]
[EventDate "2011.04.06"]

1. e4 g6 2. d4 Bg7 3. Nf3 d6 4. Be3 c6 5. Nc3 d5 6. e5 f6 7. Qd2 g5 8. O-O-O Nh6
9. h4 Nf5 10. hxg5 Nxe3 11. Qxe3 fxe5 12. dxe5 Bf5 13. Nd4 e6 14. Nxf5 exf5 15.
f4 Qe7 16. Qd3 O-O 17. Qh3 b5 18. Qxh7+ Kf7 19. Qxf5+ Ke8 20. Qc8+ Kf7 21. Qf5+
Ke8 22. Qg6+ Qf7 23. Bd3 Qxg6 24. Bxg6+ Ke7 25. Rh7 Rg8 26. f5 Kd8 27. Bf7 1-0

[Event "11th European Senior"]
[Site "Courmayeur ITA"]
[Date "2011.04.07"]
[Round "2.43"]
[White "Cavatorta, Fosco"]
[Black "Pintauro, Antonello"]
[Result "1-0"]
[WhiteElo "1914"]
[BlackElo "1616"]
[WhiteFideId "809195"]
[BlackFideId "878685"]
[EventDate "2011.04.06"]

1. d4 Nf6 2. Nf3 g6 3. Bf4 Bg7 4. e3 d6 5. h3 O-O 6. Be2 b6 7. O-O Bb7 8. c4 Ne4
9. Bh2 c5 10. Nbd2 Nd7 11. Nxe4 Bxe4 12. Nd2 Bb7 13. Bf3 Bxf3 14. Nxf3 Qc7 15.
Qe2 Rac8 16. Rfe1 Rfe8 17. Rac1 Qb7 18. d5 Qa6 19. a3 Qb7 20. e4 Qb8 21. e5 dxe5
22. Nxe5 Nxe5 23. Bxe5 Bxe5 24. Qxe5 Qxe5 25. Rxe5 Rcd8 26. b4 Rd6 27. bxc5 bxc5
28. Rb1 Rb6 29. Rxb6 axb6 30. Re3 Kf8 31. Rb3 Ra8 32. Rxb6 Rxa3 33. Rb5 Ra1+ 34.
Kh2 e6 35. dxe6 fxe6 36. Rxc5 Ra7 37. f4 Ke7 38. Re5 Ra4 39. Re4 Kd6 40. c5+ 1-0

[Event "11th European Senior"]
[Site "Courmayeur ITA"]
[Date "2011.04.07"]
[Round "2.44"]
[White "Schiappacasse, Marcello"]
[Black "Luebbers, Doris"]
[Result "1-0"]
[WhiteElo "1896"]
[BlackElo "1602"]
[WhiteFideId "808369"]
[BlackFideId "24630080"]
[EventDate "2011.04.06"]

1. e4 c5 2. Nf3 d6 3. d4 cxd4 4. Nxd4 Nf6 5. Nc3 a6 6. Bg5 e6 7. f4 Be7 8. Qe2
Nc6 9. O-O-O Qc7 10. Nb3 O-O 11. g4 Bd7 12. Bg2 Rac8 13. Kb1 Rfe8 14. h4 h6 15.
Bxh6 gxh6 16. g5 hxg5 17. hxg5 Nh7 18. Qh5 Bxg5 19. fxg5 Kf8 20. Qxh7 Ne5 21.
Qh8+ Ke7 22. Qf6+ 1-0

[Event "11th European Senior"]
[Site "Courmayeur ITA"]
[Date "2011.04.07"]
[Round "2.45"]
[White "Breidenbach, Heinz"]
[Black "Guillaumat, Jean-Pierre"]
[Result "1/2-1/2"]
[WhiteElo "1548"]
[BlackElo "1890"]
[WhiteFideId "842672"]
[BlackFideId "620823"]
[EventDate "2011.04.06"]

1. d4 d5 2. Nf3 Nf6 3. e3 Bg4 4. c4 e6 5. Qb3 Qc8 6. Ne5 Bf5 7. Nc3 c6 8. Be2
Be7 9. O-O O-O 10. Bd2 Nbd7 11. Nxd7 Qxd7 12. cxd5 exd5 13. Rac1 Ne4 14. Nxe4
Bxe4 15. Bb4 Rfe8 16. Bxe7 Rxe7 17. Bd3 Rae8 18. Rc3 Bxd3 19. Rxd3 Re6 20. Qd1
Rh6 21. Qf3 f5 22. Qd1 Re4 23. f4 Qe7 24. Rf3 Rhe6 25. Qe1 b6 26. Qg3 Rg6 27.
Qf2 Ree6 28. Rg3 Rxg3 29. Qxg3 g6 30. Kf2 Qb4 31. b3 Qa3 32. Rd2 Qe7 33. Qf3
Qh4+ 34. Qg3 Qe7 35. Rd3 Qa3 36. Rd2 Qc1 37. Re2 Kg7 38. Re1 Qc3 39. Qh4 Rf6 40.
Qg3 Re6 41. Qf3 1/2-1/2

[Event "11th European Senior"]
[Site "Courmayeur ITA"]
[Date "2011.04.07"]
[Round "2.46"]
[White "Quagliarella, Sabino Remo"]
[Black "Cesati Cassin, Giorgio"]
[Result "1-0"]
[WhiteElo "1889"]
[BlackElo "1595"]
[WhiteFideId "822469"]
[BlackFideId "845990"]
[EventDate "2011.04.06"]

1. d4 Nf6 2. Nf3 g6 3. e3 Bg7 4. Be2 O-O 5. O-O d6 6. c4 Nbd7 7. Nc3 e5 8. b3
Re8 9. Bb2 exd4 10. exd4 Nb6 11. Qc2 Bf5 12. Bd3 Bxd3 13. Qxd3 Qd7 14. Rfe1 a5
15. a4 c6 16. h3 Nh5 17. Qd2 Rxe1+ 18. Rxe1 Re8 19. Ne2 Nf6 20. Qxa5 Na8 21. Ng3
b6 22. Qd2 Nc7 23. Ba3 Ne6 24. Qb4 Qc7 25. Qxd6 Qxd6 26. Bxd6 Rc8 27. Be5 Nd7
28. Bxg7 Nxg7 29. Ne4 h6 30. Nd6 Rd8 31. d5 cxd5 1-0